000 00588nam a2200193Ia 4500
003 GCL
008 140319s9999 xx 000 0 ara d
020 _a9166009977
040 _aGCL /
_cGCL
082 0 4 _a811
_bن ب
100 1 _aنجيب سرور
245 1 0 _aبروتوكولات حكماء ريش :
_bشعر /
_cنجيب سرور
250 _aالاولى
260 _aالقاهرة :
_bدار الشروق ،
_c2006
300 _a120 ص ؛
_c19 سم
650 0 4 _aالادب العربى
650 0 4 _aالشعر العربى - دواوين وقصائد
942 _2ddc
_cBK
999 _c9571
_d9571